Lecciones de derecho penal chileno
Furkejuvvon:
| Váldodahkkit: | , , |
|---|---|
| Materiálatiipa: | Girji |
| Giella: | espánnjágiella |
| Almmustuhtton: |
Santiago
Librotecnia
2012
|
| Preanttus: | 1a. ed |
| Fáttát: | |
| Fáddágilkorat: |
Lasit fáddágilkoriid
Eai fáddágilkorat, Lasit vuosttaš fáddágilkora!
|
MARC
| LEADER | 00000cam a2200000 a 4500 | ||
|---|---|---|---|
| 001 | UCF1284 | ||
| 003 | CL-VaPUC | ||
| 008 | 120629e20120000CL |||||||||||||||||spa|d | ||
| 020 | |a 9789563270624o.c | ||
| 020 | |a 9789563270631v.1 | ||
| 082 | 0 | 4 | |a 345.8302 |b BUS |2 21 |
| 100 | |a Bustos Ramírez, Juan |e author |9 295262 | ||
| 700 | |a Hormazábal Malarée, Hernán |e author |9 562878 | ||
| 700 | 0 | |a Fernández Cruz, José Angel |e author |9 556735 | |
| 245 | 1 | 0 | |a Lecciones de derecho penal chileno |
| 250 | |a 1a. ed | ||
| 300 | |a v | ||
| 942 | |c BK | ||
| 945 | |d 20120629 00:00:00 |a cmena | ||
| 260 | |a Santiago |b Librotecnia |c 2012 | ||
| 650 | 7 | |a DERECHO PENAL CHILENO |2 CL-VaPUC |9 562879 | |
| 650 | 0 | |a Código penal |9 255935 | |
| 650 | 0 | |a Derecho procesal penal |9 256392 | |
| 650 | 0 | |a Jurisprudencia |9 255952 | |
| 583 | |a last modification |c 20120629 12:35:00 |k Rodrigo Vera | ||
| 999 | |c 348159 |d 348157 | ||
| 952 | |0 0 |1 0 |4 0 |6 345_830200000000000_BUS_2012 |7 0 |8 A |9 450068 |a BIBDER |b BIBDER |d 2019-11-22 |h v.1 |i 4857224 |l 2 |o 345.8302 BUS 2012 |p 4857224 |r 2025-03-07 |s 2025-03-07 |w 2019-11-22 |y BK |k DER | ||